[Event "Lazy Baltic Pearl op-A 18th"]
[Site "Lazy"]
[Date "2022.07.03"]
[Round "8"]
[White "Hasinski, Krystian"]
[Black "Lecki, Leonard"]
[Result "0-1"]
[WhiteElo "1714"]
[BlackElo "1658"]
[PlyCount "106"]
[EventDate "2022.06.26"]
[EventType "swiss"]
[EventRounds "9"]
[EventCountry "POL"]
[SourceTitle "CBM 209 Extra"]
[Source "ChessBase"]
[SourceDate "2022.09.30"]
[SourceVersion "1"]
[SourceVersionDate "2022.09.30"]
[SourceQuality "1"]

1. c4 c6 2. e4 d5 3. cxd5 cxd5 4. exd5 Nf6 5. Bc4 Nxd5 6. Nc3 Nf6 7. d4 e6 8. Bf4 Be7 9. d5 exd5 10. Nxd5 Nxd5 11. Qxd5 0-0 12. Qxd8 Rxd8 13. Rd1 Bb4+ 14. Bd2 Bc5 15. Nf3 Nc6 16. 0-0 Bg4 17. Bc3 Bxf3 18. gxf3 Bd4 19. Bxd4 Nxd4 20. Kg2 Rac8 21. Bd3 g6 22. Rfe1 Kg7 23. Bb1 Kf6 24. a3 b6 25. h3 h6 26. Rc1 g5 27. Be4 Rxc1 28. Rxc1 Ne6 29. Rc2 Ke5 30. b4 Rd7 31. Rb2 Rc7 32. a4 Kd4 33. a5 Kc3 34. Rb1 b5 35. Kg3 Rc4 36. Bd5 Rxb4 37. Rc1+ Kd4 38. Bxe6 fxe6 39. Rc7 Ra4 40. Rxa7 b4 41. Kg4 b3 42. Kh5 b2 43. Rb7 Kc3 44. a6 Rxa6 45. Kxh6 Ra5 46. Kg6 Rc5 47. Kh5 Kc2 48. Kg4 b1Q 49. Rxb1 Kxb1 50. f4 gxf4 51. Kxf4 Rf5+ 52. Kg3 Kc2 53. f4 Kd3 0-1

[Event "EU-ch Rapid"]
[Site "Katowice"]
[Date "2021.12.18"]
[Round "2"]
[White "Golubovskis, Maksims"]
[Black "Hasinski, Krystian"]
[Result "1-0"]
[WhiteElo "2210"]
[BlackElo "1714"]
[PlyCount "93"]
[EventDate "2021.12.18"]
[EventType "swiss (rapid)"]
[EventRounds "11"]
[EventCountry "POL"]
[SourceTitle "CBM 205 Extra"]
[Source "ChessBase"]
[SourceDate "2022.01.31"]
[SourceVersion "1"]
[SourceVersionDate "2022.01.31"]
[SourceQuality "1"]

1. e4 c6 2. d4 d5 3. Nc3 dxe4 4. Nxe4 Bf5 5. Ng3 Bg6 6. h4 h6 7. Nf3 Nd7 8. h5 Bh7 9. Bd3 Bxd3 10. Qxd3 Ngf6 11. Bd2 e6 12. 0-0-0 Qc7 13. c4 Bd6 14. Ne4 Bf4 15. Nc3 Bxd2+ 16. Qxd2 b5 17. cxb5 cxb5 18. Kb1 a6 19. d5 0-0 20. dxe6 fxe6 21. Qe2 Rfe8 22. Ne4 Nd5 23. g4 Qc4 24. Qxc4 bxc4 25. g5 Kh7 26. Nd4 N7b6 27. Rhg1 e5 28. Nf5 Rf8 29. Nfd6 Rf4 30. gxh6 gxh6 31. Rg6 Rg8 32. Rdg1 Rxg6 33. hxg6+ Kg8 34. g7 Nf6 35. Nxf6+ Rxf6 36. Ne4 Rf7 37. Rg6 Rxg7 38. Rxb6 Rg1+ 39. Kc2 Kg7 40. Rxa6 h5 41. Ng3 h4 42. Nf5+ Kh7 43. Rh6+ Kg8 44. Rxh4 Rg2 45. Rg4+ Rxg4 46. Nh6+ Kg7 47. Nxg4 1-0

[Event "EU-ch Blitz"]
[Site "Katowice"]
[Date "2021.12.17"]
[Round "2"]
[White "Hasinski, Krystian"]
[Black "Janik, Igor"]
[Result "0-1"]
[WhiteElo "1714"]
[BlackElo "2525"]
[PlyCount "64"]
[EventDate "2021.12.17"]
[EventType "swiss (blitz)"]
[EventRounds "22"]
[EventCountry "POL"]
[SourceTitle "CBM 205 Extra"]
[Source "ChessBase"]
[SourceDate "2022.01.31"]
[SourceVersion "1"]
[SourceVersionDate "2022.01.31"]
[SourceQuality "1"]

1. d4 d6 2. c4 e5 3. dxe5 dxe5 4. Qxd8+ Kxd8 5. Nc3 Be6 6. e4 Nd7 7. Be3 c6 8. 0-0-0 Kc7 9. f4 f6 10. Nf3 Bb4 11. Kc2 b6 12. a3 Bd6 13. f5 Bf7 14. Be2 g6 15. g4 Ne7 16. Rd2 Bc5 17. Bxc5 Nxc5 18. Rhd1 Rad8 19. b4 Nb7 20. Rxd8 Nxd8 21. g5 gxf5 22. gxf6 Ng8 23. exf5 Nxf6 24. Nxe5 Rg8 25. Bf3 Rg5 26. Bxc6 Rxf5 27. Nxf7 Nxf7 28. b5 Nd6 29. Nd5+ Nxd5 30. Rxd5 Rf2+ 31. Kb3 Rxh2 32. Rg5 Rh3+ 0-1

[Event "Baltic Pearl op 15th"]
[Site "Lazy"]
[Date "2019.07.02"]
[Round "9"]
[White "Kostecka, Marika"]
[Black "Hasinski, Krystian"]
[Result "0-1"]
[WhiteElo "1924"]
[BlackElo "1836"]
[PlyCount "115"]
[EventDate "2019.06.23"]
[EventType "swiss"]
[EventRounds "9"]
[EventCountry "POL"]
[SourceTitle "CBM 191 Extra"]
[Source "ChessBase"]
[SourceDate "2019.09.30"]
[SourceVersion "1"]
[SourceVersionDate "2019.09.30"]
[SourceQuality "1"]

1. e4 c6 2. d4 d5 3. Nc3 dxe4 4. Nxe4 Bf5 5. Ng3 Bg6 6. h4 h6 7. Nf3 Nd7 8. h5 Bh7 9. Bd3 Bxd3 10. Qxd3 e6 11. Bd2 Ngf6 12. 0-0-0 Qc7 13. Kb1 Bd6 14. Ne4 Nxe4 15. Qxe4 Nf6 16. Qe2 0-0-0 17. Ne5 Bxe5 18. dxe5 Nd5 19. f4 c5 20. g4 Rd7 21. g5 Ne7 22. gxh6 gxh6 23. Be3 Rhd8 24. Bf2 Rxd1+ 25. Rxd1 Rxd1+ 26. Qxd1 Nf5 27. a3 Qc6 28. Qg1 b6 29. Qg8+ Kc7 30. Qxf7+ Qd7 31. Qg6 a5 32. Kc1 Kc6 33. a4 Kc7 34. Qg8 Qxa4 35. Qxe6 Qxf4+ 36. Kb1 Qxf2 37. Qf7+ Kc6 38. e6 Qf1+ 39. Ka2 Qc4+ 40. Kb1 Qd5 41. c4 Qd3+ 42. Ka1 a4 43. e7 Nxe7 44. Qe8+ Qd7 45. Qa8+ Kd6 46. Qe4 Qe6 47. Qb7 Nc6 48. Qxb6 Qxc4 49. Kb1 Qd3+ 50. Ka2 Qb3+ 51. Qxb3 axb3+ 52. Kxb3 Kd5 53. Kc3 Nd4 54. b3 Ne2+ 55. Kd3 Nf4+ 56. Kc3 Nxh5 57. b4 cxb4+ 58. Kxb4 0-1

[Event "Baltic Cup-B 2nd"]
[Site "Darlowko"]
[Date "2018.07.03"]
[Round "9"]
[White "Hasinski, Krystian"]
[Black "Szydlo, Michal"]
[Result "1-0"]
[WhiteElo "1921"]
[BlackElo "1673"]
[PlyCount "69"]
[EventDate "2018.06.24"]
[EventType "swiss"]
[EventRounds "9"]
[EventCountry "POL"]
[SourceTitle "CBM 187 Extra"]
[Source "ChessBase"]
[SourceDate "2018.11.04"]
[SourceVersion "1"]
[SourceVersionDate "2018.11.04"]
[SourceQuality "1"]

1. d4 Nf6 2. c4 g6 3. Nc3 Bg7 4. g3 0-0 5. Bg2 d6 6. Nf3 Nc6 7. d5 Na5 8. Nd2 b6 9. Rb1 Rb8 10. 0-0 e5 11. dxe6 Bxe6 12. Qa4 Qd7 13. b3 Qxa4 14. Nxa4 Rfe8 15. e4 Nc6 16. Nc3 a5 17. Nd5 Bxd5 18. cxd5 Nb4 19. a3 Nd3 20. h3 Re7 21. f3 g5 22. Nc4 Nxc1 23. Rfxc1 h5 24. Ne3 Rb7 25. Rc2 Ne8 26. Nf5 Kf8 27. Nxe7 Kxe7 28. Bf1 h4 29. gxh4 gxh4 30. Kf2 Bh6 31. b4 axb4 32. axb4 Kf6 33. Ra2 Ke5 34. Ra8 Nf6 35. Ba6 1-0

[Event "World Amateur-ch U2000"]
[Site "Cagliari"]
[Date "2018.04.27"]
[Round "7"]
[White "Flynn, Jacob"]
[Black "Hasinski, Krystian"]
[Result "1/2-1/2"]
[WhiteElo "1826"]
[BlackElo "1921"]
[PlyCount "98"]
[EventDate "2018.04.22"]
[EventType "swiss"]
[EventRounds "9"]
[EventCountry "ITA"]
[SourceTitle "CBM 184 Extra"]
[Source "ChessBase"]
[SourceDate "2018.06.28"]
[SourceVersion "1"]
[SourceVersionDate "2018.06.28"]
[SourceQuality "1"]

1. d4 d5 2. c4 c6 3. Nf3 Nf6 4. Nc3 g6 5. cxd5 cxd5 6. Bf4 a6 7. e3 Bg7 8. Bd3 0-0 9. 0-0 Nc6 10. Rc1 Nh5 11. Bg3 Nxg3 12. hxg3 Qd6 13. Na4 Bg4 14. Qb3 b5 15. Nc5 Bxf3 16. gxf3 Rfb8 17. Be2 Na5 18. Qb4 Nc4 19. Nd3 Qd8 20. b3 a5 21. Qc3 b4 22. Qa1 Na3 23. Nc5 Qd6 24. Qb2 Rc8 25. Qd2 Rc7 26. f4 e6 27. Na4 Rac8 28. Rc5 Rxc5 29. Nxc5 Bf8 30. Rc1 Qc6 31. Nd3 Qb7 32. Nc5 Qa7 33. Na4 Rc7 34. Bd3 h5 35. Kg2 Be7 36. Kf1 Kg7 37. Kg2 Qb8 38. Rxc7 Qxc7 39. Qd1 Qc6 40. Kf1 Bd6 41. Ke2 Be7 42. Kd2 Bd6 43. g4 hxg4 44. Qxg4 Be7 45. Qe2 Bd6 46. Qf1 Kg8 47. Qe2 Kg7 48. Qf1 Kg8 49. Qe2 Kg7 1/2-1/2

[Event "Suwalki Warakomska Memorial-B 1st"]
[Site "Suwalki"]
[Date "2017.08.16"]
[Round "7"]
[White "Budzinski, Jan"]
[Black "Hasinski, Krystian"]
[Result "1-0"]
[WhiteElo "2012"]
[BlackElo "1904"]
[PlyCount "41"]
[EventDate "2017.08.11"]
[EventType "swiss"]
[EventRounds "9"]
[EventCountry "POL"]
[SourceTitle "CBM 180 Extra"]
[Source "ChessBase"]
[SourceDate "2017.10.06"]
[SourceVersion "1"]
[SourceVersionDate "2017.10.06"]
[SourceQuality "1"]

1. e4 g6 2. d4 Bg7 3. Nf3 d6 4. Bc4 Nf6 5. Qe2 c6 6. e5 dxe5 7. dxe5 Nd5 8. h3 b5 9. Bb3 e6 10. Bg5 Qc7 11. 0-0 h6 12. Bh4 g5 13. Bg3 0-0 14. Nbd2 a5 15. c4 Ne7 16. Bc2 Ng6 17. Ne4 Nxe5 18. Nxe5 Bxe5 19. Nf6+ Kg7 20. Bxe5 Qa7 21. Qe4 1-0

[Event "Suwalki Warakomska Memorial-B 1st"]
[Site "Suwalki"]
[Date "2017.08.14"]
[Round "5"]
[White "Hasinski, Krystian"]
[Black "Medvedyk, Volodymyr"]
[Result "1-0"]
[WhiteElo "1904"]
[BlackElo "2053"]
[PlyCount "57"]
[EventDate "2017.08.11"]
[EventType "swiss"]
[EventRounds "9"]
[EventCountry "POL"]
[SourceTitle "CBM 180 Extra"]
[Source "ChessBase"]
[SourceDate "2017.10.06"]
[SourceVersion "1"]
[SourceVersionDate "2017.10.06"]
[SourceQuality "1"]

1. c4 Nf6 2. Nc3 g6 3. g3 Bg7 4. Bg2 d6 5. Nf3 Nc6 6. Rb1 a5 7. a3 e5 8. d3 0-0 9. 0-0 Re8 10. b4 axb4 11. axb4 e4 12. Ne1 Bf5 13. b5 Ne5 14. f4 Neg4 15. Nc2 e3 16. Bb2 h5 17. Bxb7 h4 18. Qc1 Nh5 19. Rf3 hxg3 20. hxg3 Nxg3 21. Rxg3 Qh4 22. Rxg4 Qxg4+ 23. Bg2 Qxf4 24. Qf1 Qh4 25. Nd5 Bxb2 26. Rxb2 Kg7 27. Ncxe3 Rh8 28. Nxf5+ gxf5 29. Qxf5 1-0

[Event "Pobeskydy op"]
[Site "Frydek Mistek"]
[Date "2016.03.26"]
[Round "6"]
[White "Oglaza, Oskar"]
[Black "Hasinski, Krystian"]
[Result "1-0"]
[WhiteElo "2114"]
[BlackElo "1875"]
[PlyCount "135"]
[EventDate "2016.03.24"]
[EventType "swiss"]
[EventRounds "9"]
[EventCountry "CZE"]
[SourceTitle "CBM 171 Extra"]
[Source "ChessBase"]
[SourceDate "2016.04.26"]
[SourceVersion "1"]
[SourceVersionDate "2016.04.26"]
[SourceQuality "1"]

1. e4 g6 2. d4 Bg7 3. Nc3 d6 4. Be3 Nd7 5. Qd2 b6 6. 0-0-0 Bb7 7. f3 h5 8. Nh3 e6 9. Bc4 Qe7 10. f4 Ngf6 11. Nf2 0-0-0 12. Qd3 Ng4 13. Nxg4 hxg4 14. Ba6 f5 15. Qc4 Kb8 16. Bxb7 Kxb7 17. e5 d5 18. Qb3 Rh5 19. Ne2 Rdh8 20. c4 c6 21. cxd5 exd5 22. Bg1 Nf8 23. Qc3 Ne6 24. Kb1 R5h7 25. Rc1 Qd7 26. a4 a5 27. Qg3 Bf8 28. Rc3 Bb4 29. Rb3 Qe7 30. Bf2 Qd8 31. h3 Qe8 32. Rd3 Qf7 33. Be1 Bxe1 34. Qxe1 Kc7 35. Qc3 Qd7 36. Qc2 Kb7 37. Qd1 Ka7 38. Rc3 Nd8 39. Qe1 Ka6 40. h4 Ne6 41. g3 c5 42. dxc5 bxc5 43. Qd1 Rb8 44. Nc1 Qb7 45. Rb3 Qc7 46. Rxb8 Qxb8 47. Qxd5 Qc8 48. Qc4+ Ka7 49. Rd1 Rc7 50. Nb3 Nd4 51. Nxd4 cxd4 52. Qxd4+ Ka6 53. Qd3+ Ka7 54. Qb5 Rc5 55. Qd7+ Rc7 56. Qxc8 Rxc8 57. Rd7+ Kb6 58. Rd6+ Kc5 59. Rxg6 Kd4 60. h5 Ke4 61. e6 Kf3 62. h6 Kxg3 63. h7 Rh8 64. e7 Kf2 65. Rg8 Rxh7 66. e8Q Rh1+ 67. Ka2 g3 68. Qg6 1-0

[Event "EU Amateur-ch"]
[Site "Kaunas"]
[Date "2015.08.12"]
[Round "4"]
[White "Zygmanta, Eugenijus"]
[Black "Hasinski, Krystian"]
[Result "1-0"]
[WhiteElo "1947"]
[BlackElo "1829"]
[PlyCount "93"]
[EventDate "2015.08.09"]
[EventType "swiss"]
[EventRounds "9"]
[EventCountry "LTU"]
[SourceTitle "CBM 167 Extra"]
[Source "ChessBase"]
[SourceDate "2015.09.14"]
[SourceVersion "1"]
[SourceVersionDate "2015.09.14"]
[SourceQuality "1"]

1. e4 c6 2. d4 d5 3. Nc3 dxe4 4. Nxe4 Bf5 5. Qf3 e6 6. Ne2 Nf6 7. Nxf6+ Qxf6 8. Qb3 b6 9. Bf4 Qd8 10. 0-0-0 Bd6 11. Qg3 Bxf4+ 12. Nxf4 0-0 13. Bd3 Bxd3 14. Rxd3 Nd7 15. Nh5 g6 16. h4 Nf6 17. Nxf6+ Qxf6 18. h5 g5 19. h6 Qg6 20. Qc7 Rfc8 21. Qe7 Re8 22. Qb7 c5 23. dxc5 bxc5 24. Rc3 Rac8 25. Qxa7 Ra8 26. Qxc5 Rxa2 27. Kb1 Raa8 28. Qc7 Red8 29. Rc5 f5 30. Qe5 Rd7 31. b4 g4 32. Kb2 Kf7 33. Rc7 Rxc7 34. Qxc7+ Kf6 35. Qc3+ Kf7 36. b5 Qg8 37. Rd1 Kg6 38. Qe5 Rf8 39. Qg7+ Qxg7+ 40. hxg7 Kxg7 41. c4 Rb8 42. Kc3 h5 43. Kb4 Kf6 44. c5 f4 45. c6 h4 46. c7 Rh8 47. Rd8 1-0

[Event "EU Amateur-ch"]
[Site "Kaunas"]
[Date "2015.08.11"]
[Round "3"]
[White "Hasinski, Krystian"]
[Black "Sciupokas, Arunas"]
[Result "1/2-1/2"]
[WhiteElo "1829"]
[BlackElo "1965"]
[PlyCount "147"]
[EventDate "2015.08.09"]
[EventType "swiss"]
[EventRounds "9"]
[EventCountry "LTU"]
[SourceTitle "CBM 167 Extra"]
[Source "ChessBase"]
[SourceDate "2015.09.14"]
[SourceVersion "1"]
[SourceVersionDate "2015.09.14"]
[SourceQuality "1"]

1. d4 d5 2. c4 c6 3. e3 Nf6 4. Nc3 g6 5. Nf3 Bg7 6. cxd5 cxd5 7. Bb5+ Bd7 8. Qb3 Bxb5 9. Qxb5+ Qd7 10. Ne5 Qxb5 11. Nxb5 Na6 12. Bd2 Ne4 13. Rc1 Bxe5 14. dxe5 Kd7 15. f3 Nec5 16. Ke2 Rhc8 17. Rc2 Ne6 18. Rhc1 Rxc2 19. Rxc2 Nac7 20. Nd4 Nxd4+ 21. exd4 Ne6 22. Be3 Rc8 23. Rxc8 Kxc8 24. h4 Kd7 25. g4 Nd8 26. Kd3 Nc6 27. Bd2 Ke6 28. a3 a6 29. Ke3 f6 30. exf6 exf6 31. Bc3 Na7 32. Ba5 Nc6 33. Bc3 b6 34. b4 b5 35. Bb2 Ne7 36. Kf4 Nc8 37. Bc1 Nd6 38. Bd2 Nc4 39. Bc1 Nb6 40. Bd2 Na4 41. Bc1 Nb6 42. Bd2 Nc4 43. Bc1 Kf7 44. Kg3 Nd6 45. Kf4 Ke7 46. Bd2 Ne8 47. Kg3 Ng7 48. Be3 Ne6 49. f4 Ng7 50. Bf2 h5 51. Bg1 Ke6 52. Bf2 hxg4 53. Kxg4 Nf5 54. h5 gxh5+ 55. Kxh5 Nd6 56. Kg6 Nf5 57. Kh5 Kf7 58. Bg1 Nd6 59. Be3 Ke7 60. Kg6 Ke6 61. Bf2 Nf5 62. Kh5 Nd6 63. Kg6 f5 64. Be3 Ne4 65. Bc1 Ng3 66. Be3 Ne2 67. Kg5 Nc3 68. Kg6 Nd1 69. Bd2 Nb2 70. Kg7 Nc4 71. Bc1 Ke7 72. Kg6 Nd6 73. Be3 Ke6 74. Bd2 1/2-1/2

[Event "Rewal op-B 17th"]
[Site "Rewal"]
[Date "2012.08.??"]
[Round "3"]
[White "Hasinski, Krystian"]
[Black "Niedbal, Piotr"]
[Result "1/2-1/2"]
[WhiteElo "1925"]
[BlackElo "1693"]
[PlyCount "68"]
[EventDate "2012.08.20"]
[EventType "swiss"]
[EventRounds "9"]
[EventCountry "POL"]
[SourceTitle "EXT 2014"]
[Source "ChessBase"]
[SourceDate "2013.11.20"]
[SourceVersion "1"]
[SourceVersionDate "2013.11.20"]
[SourceQuality "1"]

1. d4 d5 2. Nf3 Nf6 3. c4 c6 4. e3 Bg4 5. Nc3 dxc4 6. Bxc4 e6 7. 0-0 Be7 8. Be2 0-0 9. a3 Nbd7 10. b4 Rc8 11. h3 Bh5 12. e4 Qc7 13. Be3 Rfd8 14. Qb3 a6 15. Rac1 Qb8 16. Rfd1 Bg6 17. e5 Nd5 18. Nxd5 cxd5 19. a4 Rxc1 20. Rxc1 Rc8 21. b5 Rxc1+ 22. Bxc1 Qc7 23. Ba3 Bxa3 24. Qxa3 a5 25. Ne1 Nb6 26. Kh2 h6 27. Bd1 Qc4 28. Qc5 Qf1 29. Qxb6 Qxe1 30. Bf3 Qxf2 31. Qxb7 Qxd4 32. Qc7 Be4 33. b6 Bxf3 34. gxf3 Qf2+ 1/2-1/2

[Event "Rewal op-B 17th"]
[Site "Rewal"]
[Date "2012.08.??"]
[Round "6"]
[White "Hasinski, Krystian"]
[Black "Reza, Wojciech"]
[Result "1/2-1/2"]
[WhiteElo "1925"]
[BlackElo "2090"]
[PlyCount "74"]
[EventDate "2012.08.20"]
[EventType "swiss"]
[EventRounds "9"]
[EventCountry "POL"]
[SourceTitle "EXT 2014"]
[Source "ChessBase"]
[SourceDate "2013.11.20"]
[SourceVersion "1"]
[SourceVersionDate "2013.11.20"]
[SourceQuality "1"]

1. d4 Nf6 2. Nf3 g6 3. c4 Bg7 4. Nc3 d5 5. e3 0-0 6. Bd3 dxc4 7. Bxc4 Nbd7 8. 0-0 c5 9. h3 a6 10. a4 cxd4 11. exd4 Nb6 12. Be2 Nbd5 13. a5 Bd7 14. Ne5 Be6 15. Bf3 Nxc3 16. bxc3 Bd5 17. Bxd5 Nxd5 18. Qb3 Rb8 19. c4 Nc7 20. Be3 Ne6 21. Rfd1 Qc7 22. f4 Rfd8 23. c5 Bxe5 24. fxe5 Rd7 25. d5 Nd8 26. Qc4 Rc8 27. Qe4 f5 28. exf6 exf6 29. Bd4 Re7 30. Qh4 Rf7 31. Bxf6 Qxc5+ 32. Kh1 Qd6 33. Bb2 Qf4 34. Qe1 Rc2 35. Qe5 Qxe5 36. Bxe5 Rd7 37. Bg3 Nf7 1/2-1/2

[Event "Rewal op-B 16th"]
[Site "Rewal"]
[Date "2011.08.25"]
[Round "6"]
[White "Dzierzak, Radoslaw"]
[Black "Hasinski, Krystian"]
[Result "1/2-1/2"]
[WhiteElo "1813"]
[BlackElo "1971"]
[PlyCount "131"]
[EventDate "2011.08.18"]
[EventType "swiss"]
[EventRounds "9"]
[EventCountry "POL"]
[SourceTitle "CBM 144 Extra"]
[Source "ChessBase"]
[SourceDate "2011.10.28"]
[SourceVersion "1"]
[SourceVersionDate "2011.10.28"]
[SourceQuality "1"]

1. e4 c6 2. d4 d5 3. Nc3 dxe4 4. Nxe4 Bf5 5. Ng3 Bg6 6. N1e2 h6 7. Nf4 Bh7 8. Bc4 Nf6 9. 0-0 Nbd7 10. Ngh5 g5 11. Nd3 Nxh5 12. Qxh5 Bg6 13. Qf3 Bg7 14. c3 e6 15. Re1 0-0 16. h4 Qf6 17. Qxf6 Bxf6 18. Ne5 Nxe5 19. dxe5 Be7 20. hxg5 Bxg5 21. Bxg5 hxg5 22. Rad1 Rad8 23. Bb3 Kg7 24. f3 c5 25. Rd6 Rxd6 26. exd6 Kf6 27. Ba4 a6 28. c4 Bd3 29. b4 b5 30. bxc5 bxa4 31. Rc1 Rd8 32. Rd1 Bxc4 33. c6 Bb5 34. c7 Rc8 35. d7 Bxd7 36. Rxd7 a5 37. Kf2 e5 38. Rd6+ Ke7 39. Rd5 Rxc7 40. Rxe5+ Kf6 41. Rxa5 Rc2+ 42. Kg3 Rxa2 43. Ra6+ Kg7 44. Ra5 Kg6 45. Kh3 Ra1 46. Kg4 f6 47. Ra6 a3 48. Kg3 Kf5 49. Ra5+ Ke6 50. Kg4 Ra2 51. g3 Ra1 52. Ra6+ Ke5 53. f4+ gxf4 54. gxf4+ Ke4 55. Ra4+ Kd5 56. Kf5 a2 57. Kxf6 Kc5 58. f5 Kb5 59. Ra8 Kb4 60. Kf7 Kb3 61. f6 Rf1 62. Rxa2 Kxa2 63. Kg7 Re1 64. Kf8 Kb3 65. f7 Kc4 66. Kg7 1/2-1/2

[Event "Krakow op"]
[Site "Krakow"]
[Date "2011.08.12"]
[Round "8"]
[White "Hasinski, Krystian"]
[Black "Bukojemski, Adam"]
[Result "0-1"]
[WhiteElo "1971"]
[BlackElo "2194"]
[PlyCount "91"]
[EventDate "2011.08.06"]
[EventType "swiss"]
[EventRounds "9"]
[EventCountry "POL"]
[SourceTitle "CBM 144 Extra"]
[Source "ChessBase"]
[SourceDate "2011.10.28"]
[SourceVersion "1"]
[SourceVersionDate "2011.10.28"]
[SourceQuality "1"]

1. d4 Nf6 2. c4 g6 3. Nc3 Bg7 4. e4 d6 5. Nf3 0-0 6. Be2 Nc6 7. 0-0 e5 8. d5 Ne7 9. Rb1 a5 10. b3 Nd7 11. Nd2 f5 12. f3 f4 13. a3 g5 14. b4 b6 15. Nb3 axb4 16. axb4 Rf6 17. c5 Rg6 18. cxd6 cxd6 19. Ra1 Rb8 20. Bd2 Nf6 21. Be1 g4 22. fxg4 Nxg4 23. Bxg4 Bxg4 24. Qd3 Nc8 25. Nd2 Qg5 26. Rf2 Ne7 27. Nb5 Kh8 28. Nc4 Nc8 29. Rfa2 Bd7 30. Nc7 Qd8 31. Ne6 Bxe6 32. dxe6 Rxe6 33. b5 Ne7 34. Rd1 d5 35. exd5 e4 36. Qd2 e3 37. Qd3 Rf6 38. Bh4 Nf5 39. Bxf6 Qxf6 40. Rf1 Qg5 41. Qe4 e2 42. Rxe2 Bd4+ 43. Ref2 Rg8 44. Ne5 Qf6 45. Nf3 Rxg2+ 46. Kh1 0-1

[Event "Krakow op"]
[Site "Krakow"]
[Date "2011.08.07"]
[Round "3"]
[White "Hasinski, Krystian"]
[Black "Smirnov, Aleksander"]
[Result "1-0"]
[WhiteElo "1971"]
[BlackElo "2183"]
[PlyCount "44"]
[EventDate "2011.08.06"]
[EventType "swiss"]
[EventRounds "9"]
[EventCountry "POL"]
[SourceTitle "CBM 144 Extra"]
[Source "ChessBase"]
[SourceDate "2011.10.28"]
[SourceVersion "1"]
[SourceVersionDate "2011.10.28"]
[SourceQuality "1"]

1. d4 d5 2. Nf3 c5 3. e3 Nf6 4. c4 dxc4 5. Bxc4 e6 6. 0-0 a6 7. a4 Nc6 8. Nc3 cxd4 9. exd4 Be7 10. Be3 Nb4 11. Qb3 Nbd5 12. Bg5 Nxc3 13. bxc3 0-0 14. Rfe1 Rb8 15. Ne5 Qc7 16. h3 Nd5 17. Bxe7 Nxe7 18. Re3 Nc6 19. Bd3 Bd7 20. Rae1 Nxe5 21. Rxe5 g6 22. Rc5 Qd6 1-0

[Event "Ostrava Konik op-B"]
[Site "Ostrava"]
[Date "2011.05.08"]
[Round "9"]
[White "Hasinski, Krystian"]
[Black "Marek, Matyas"]
[Result "1-0"]
[WhiteElo "1973"]
[BlackElo "1817"]
[PlyCount "103"]
[EventDate "2011.04.30"]
[EventType "swiss"]
[EventRounds "9"]
[EventCountry "CZE"]
[SourceTitle "CBM 142 Extra"]
[Source "ChessBase"]
[SourceDate "2011.06.27"]
[SourceVersion "1"]
[SourceVersionDate "2011.06.27"]
[SourceQuality "1"]

1. d4 Nf6 2. c4 g6 3. Nc3 Bg7 4. e4 d6 5. f4 0-0 6. Nf3 c5 7. d5 b5 8. cxb5 a6 9. bxa6 Bxa6 10. Bxa6 Nxa6 11. 0-0 Qb6 12. Kh1 Nb4 13. Be3 Rfb8 14. a3 Na6 15. Rb1 Qa5 16. Nd2 Nc7 17. Nc4 Qa6 18. b3 Nb5 19. Nxb5 Rxb5 20. e5 Nd7 21. exd6 exd6 22. a4 Rb7 23. f5 Nf6 24. Qd3 Re8 25. fxg6 hxg6 26. Bg1 Rbe7 27. Qg3 Ne4 28. Qd3 Nc3 29. Rbc1 Na2 30. Rcd1 Nb4 31. Qg3 Be5 32. Qf3 Qb7 33. Rd2 f5 34. h3 Qc7 35. Bh2 Bxh2 36. Kxh2 Rd8 37. Qg3 Kf7 38. h4 Qd7 39. h5 gxh5 40. Qg5 Rh8 41. Rxf5+ Ke8 42. Qg6+ Kd8 43. Nxd6 Rhh7 44. Rf8+ Kc7 45. Rc8+ Kb6 46. Rb8+ Ka7 47. Rb7+ Qxb7 48. Nxb7 Rxb7 49. d6 Rbd7 50. Qe8 Kb7 51. Kh3 Nc6 52. Rd5 1-0